Statystyki dla Stolice Europy

Kliknij tutaj aby rozwiązać quiz!

Ogólne statystyki

  • Ten quiz został rozwiązany 98 razy
  • Średni wynik to 9 z 10

Statystyki odpowiedzi

ZagadnienieOdpowiedź% Poprawnych
Stolica FrancjiParyż
100%
Stolica CzechPraga
99%
Stolica UkrainyKijów
98%
Stolica MaltyValletta
98%
Stolica ŁotwyRyga
96%
Stolica AustriiWiedeń
94%
Stolica NiemiecBerlin
93%
Stolica SzwecjiSztokholm
91%
Stolica SerbiiBelgrad
87%
Stolica IslandiiReykjavik
75%

Rozkład punktacji

Percentyl według liczby udzielonych odpowiedzi

Procent ludzi z każdym wynikiem

Twoja historia wyników

Nie rozwiązałeś tego quizu